| 000 | 004920000a22001690004500 | ||
|---|---|---|---|
| 003 | MACL | ||
| 005 | 20160226152547.0 | ||
| 008 | 160226b xxu||||| |||| 00| 0 eng d | ||
| 040 |
_aMACL _cMACL |
||
| 041 | _aHindi | ||
| 082 | _a580 | ||
| 100 |
_aचतुर्वेदी जगपति _940669 |
||
| 245 | _aबन-उपबन के पक्षी | ||
| 260 |
_bकिताब महल र _c1954 _aइलाहाबाद |
||
| 650 |
_aPlants _940701 |
||
| 942 |
_cHIN _k580 _2ddc |
||
| 999 |
_c22968 _d22968 |
||